Bleak Expectations Episode Titles Quiz Stats

 Plays Quiz not verified by Sporcle

Score 0/30 Timer 10:00
0 Plays Today
% Correct
A Childhood Cruelly Kippered
71.4%
An Adolescence Utterly Trashed
57.1%
A Young Adulthood Bitterly Dismantled
57.1%
A Youth Utterly Crocked
42.9%
A Young Love Mercilessly Dismembered
42.9%
A Life Sadly Smashed... Then Happily Restored A Bit
42.9%
A Re-Kippered Life Smashed Some More
42.9%
A Restoration Re-ruined, Only Even Worse
42.9%
A Recovery All Made Miserable
42.9%
A Happy Life Broken and then Mended a Bit
42.9%
A Lovely Life Re-Kippered Again Once More
42.9%
A Now Grim Life Yet More Grimified
42.9%
A Sort of Fine Life De-niced Completely
42.9%
A Happy Life, Cruelly Re-Kippered
42.9%
An Evil Life Sort of Explained
42.9%
% Correct
An Already Bad Life Made Even Worse But Sort Of On Purpose
28.6%
A Horrible Life Un-ruined and then Re-ruinated a Lot
28.6%
Lives Lost, Ruined, Wrecked and Redeemed
28.6%
A Tolerable Life De-Happified
28.6%
A Now-Spoiled Life Smashed Some More
28.6%
A Wretched Life Made Much, Much Sadder
28.6%
A Painful Life Further Re-Miserabled
28.6%
A Now Tricky Life Woefully Miseried Up
28.6%
A Life Destroyed Then Repaired and Rehappied
28.6%
A Pleasant Yet Dull Life Re-Evilled
28.6%
An Alrightish Life Savagely Frozen to Bits
28.6%
A Re-Excited Life Made Distinctly Dangerous
28.6%
A Writerly Life Made Dreadfully Different
28.6%
A Terrifying Life Made Even Scarier A Bit Some More
28.6%
A Loved-Up Life Potentially Totally Annihilated
28.6%

You're not logged in!

Compare scores with friends on all Sporcle quizzes.
Join for Free
OR
Log In

You Might Also Like...

Show Comments

Extras

Created Apr 3, 2015ReportNominate
Tags:BBC Radio, episode, expectation

Top Quizzes Today


Score Distribution

Your Account Isn't Verified!

In order to create a playlist on Sporcle, you need to verify the email address you used during registration. Go to your Sporcle Settings to finish the process.

Report this User

Report this user for behavior that violates our Community Guidelines.

Details: